Fundamentals of IOT(Get familiar with the building blocks of IOT) (Record no. 367226)

MARC details
000 -LEADER
fixed length control field 00244 a2200085 4500
020 ## - INTERNATIONAL STANDARD BOOK NUMBER
International Standard Book Number 9789355518644
100 ## - MAIN ENTRY--PERSONAL NAME
Personal name Rajan Gupta
9 (RLIN) 212641
245 ## - TITLE STATEMENT
Title Fundamentals of IOT(Get familiar with the building blocks of IOT)
260 ## - PUBLICATION, DISTRIBUTION, ETC. (IMPRINT)
Name of publisher, distributor, etc. BPB Publication
Date of publication, distribution, etc. 2023
Holdings
Withdrawn status Lost status Source of classification or shelving scheme Damaged status Not for loan Collection code Home library Current library Date acquired Vendor Cost, normal purchase price Bill number Total Checkouts Full call number Barcode Date last seen Discount Cost, replacement price Bill Date Koha item type Original Barcode Total Renewals Checked out Date last checked out
    Dewey Decimal Classification     Computer Engineering Cummins College of Engineering for Women Nagpur Cummins College of Engineering for Women Nagpur 04/08/2025 150 559.20 25-26/1767   005.678 CEWN-BK-10521 04/08/2025 20 699.00 04/08/2025 Books 010521      
    Dewey Decimal Classification     Computer Engineering Cummins College of Engineering for Women Nagpur Cummins College of Engineering for Women Nagpur 04/08/2025 150 559.20 25-26/1767   005.678 CEWN-BK-10520 04/08/2025 20 699.00 04/08/2025 Books 010520      
    Dewey Decimal Classification     Computer Engineering Cummins College of Engineering for Women Nagpur Cummins College of Engineering for Women Nagpur 04/08/2025 150 559.20 25-26/1767   005.678 CEWN-BK-10523 04/08/2025 20 699.00 04/08/2025 Books 010523      
    Dewey Decimal Classification     Computer Engineering Cummins College of Engineering for Women Nagpur Cummins College of Engineering for Women Nagpur 04/08/2025 150 559.20 25-26/1767   005.678 CEWN-BK-10522 04/08/2025 20 699.00 04/08/2025 Books 010522      
    Dewey Decimal Classification     Computer Engineering Cummins College of Engineering for Women Nagpur Cummins College of Engineering for Women Nagpur 04/08/2025 150 559.20 25-26/1767 2 005.678 CEWN-BK-10519 10/03/2026 20 699.00 04/08/2025 Books 010519 1 07/09/2026 10/03/2026